Une lettre suffit pour répondre juste #78 (attention 10 lettres tuent) - Statistiques

Statistiques générales
  • Ce quiz a été pris 54 fois
  • Le résultat moyen est 3 sur 6
Statistiques - réponses
Hint Réponse % Correct
Donne une des 5 lettres du nom de famille de ce compositeur français du XIXe qui a pour œuvre principale son opéra Carmen : Georges _ _ _ _ _
BIZET
100%
Donne une des 4 lettres du mot qui complète les paroles du début de la chanson Les lacs du Connemara de Michel Sardou : Terre brûlée au vent Des landes de pierres Autour des lacs, c'est pour les vivants Un peu d'enfer, le Connemara
Des nuages noirs qui viennent du _ _ _ _
NORD
96%
Donne une des 3 lettres du prénom de cet acteur mort en 2025 : _ _ _
VAL (KILMER)
73%
Donne une des 2 lettres du surnom du personnage interprété par Pamela Anderson dans Alerte à Malibu (ce sont les initiales de son prénom dans la série TV) : ?____ ?___ Parker
CJ (Casey Jean Parker)
36%
Donne la lettre qui complète cette suite logique : _UOI, _UI, _UAND ? Q (Quoi, Qui, Quand ?)
36%
Donne la lettre qui débute et termine le mot de 4 lettres qui désigne le domaine concédé au Moyen Âge par le seigneur à son vassal en contrepartie de certains services F (FieF)
9%
Aucun quiz correspondant
Distribution des résultats
% des personnes avec chaque résultat
Percentile par nombre de réponses
Votre historique - résultats
Vous n’avez pas pris ce quiz